Nástroje marketingového controllingu
Marketingový kontroling je významným prvkom riadenia stredných a veľkých spoločností. Charakteristika marketingového kontrolingu. Nástroje marketingového kontrolingu - porovnávací výpočet nákladov, kalkulácia krycieho príspevku, vývojová kalkulácia krycieho príspevku, analýza odchýlok výnosov. ABC a...
Gespeichert in:
| 1. Verfasser: | |
|---|---|
| Format: | Buchkapitel |
| Sprache: | Slowakisch |
| Schlagworte: | |
| Tags: |
Keine Tags, Fügen Sie das erste Tag hinzu!
|
MARC
| LEADER | 00000naa$a2200000$$$4500 | ||
|---|---|---|---|
| 001 | 0055923 | ||
| 005 | 20220718123931.3 | ||
| 041 | 0 | |a slo | |
| 044 | |a SK | ||
| 245 | 1 | 0 | |a Nástroje marketingového controllingu |c Andrej Kriváň |
| 520 | |a Marketingový kontroling je významným prvkom riadenia stredných a veľkých spoločností. Charakteristika marketingového kontrolingu. Nástroje marketingového kontrolingu - porovnávací výpočet nákladov, kalkulácia krycieho príspevku, vývojová kalkulácia krycieho príspevku, analýza odchýlok výnosov. ABC analýza - Activity based costing. | ||
| 610 | 2 | 0 | |a kontroling |
| 610 | 2 | 0 | |a marketing |
| 610 | 2 | 0 | |a nástroje marketingové |
| 610 | 2 | 0 | |a metóda ABC |
| 100 | 1 | |a Kriváň, Andrej | |